[Event "III Memorial Corrado Bitti A"]
[Site "Cagliari ITA"]
[Date "2003.03.08"]
[Round "1"]
[White "Atzeni, Franco"]
[Black "Clementini, Lorenzo"]
[Result "1-0"]
[WhiteElo "1909"]
[BlackElo "1709"]
[PlyCount "67"]
[EventDate "2003.03.08"]

1. e4 e5 2. Nc3 Nf6 3. Nf3 Nc6 4. d4 exd4 5. Nxd4 Bc5 6. Be3 Nxd4 7. Bxd4 Qe7
8. Be2 Bxd4 9. Qxd4 d6 10. O-O O-O 11. Rad1 Re8 12. Rfe1 Be6 13. f3 a6 14. Bf1
Rad8 15. Rd2 Nh5 16. Nd5 Bxd5 17. Qxd5 Qh4 18. Red1 c6 19. Qb3 Qe7 20. Qb4 Qe5
21. c3 Re6 22. Qxb7 Qc5+ 23. Rd4 Qg5 24. Re1 Nf4 25. g3 Qh5 26. Qc7 Rde8 27.
Rxd6 Qc5+ 28. Rd4 Nd5 29. Qb7 f5 30. Qxa6 fxe4 31. fxe4 Rxe4 32. Rexe4 Rxe4 33.
Qc8+ Kf7 34. Qf5+ 1-0

[Event "III Memorial Corrado Bitti A"]
[Site "Cagliari ITA"]
[Date "2003.03.08"]
[Round "1"]
[White "Mulas, Gianmarco"]
[Black "Santilli, Enrico"]
[Result "1-0"]
[WhiteElo "2106"]
[BlackElo "1723"]
[PlyCount "59"]
[EventDate "2003.03.08"]

1. c4 d6 2. d4 c6 3. g3 f5 4. Nc3 Nf6 5. Bg2 e6 6. Nh3 Be7 7. e4 fxe4 8. Nxe4
O-O 9. Nhg5 d5 10. Nd2 h6 11. Ngf3 Bd6 12. O-O Qe8 13. Re1 Qf7 14. Qc2 Nh7 15.
Re2 Nd7 16. c5 Bc7 17. b4 Re8 18. Bb2 b6 19. Qa4 Bb7 20. Rc1 bxc5 21. bxc5 a5
22. Re3 Re7 23. Bc3 e5 24. Rb1 Rb8 25. Rxb7 Rxb7 26. Qxc6 Ra7 27. Nxe5 Bxe5 28.
Bxd5 Rc7 29. Bxf7+ Rxf7 30. Qa8+ 1-0

[Event "III Memorial Corrado Bitti A"]
[Site "Cagliari ITA"]
[Date "2003.03.08"]
[Round "1"]
[White "Putzolu, Marcello"]
[Black "Casti, Alessio"]
[Result "0-1"]
[WhiteElo "1717"]
[BlackElo "1924"]
[PlyCount "100"]
[EventDate "2003.03.08"]

1. e4 c5 2. Nf3 Nc6 3. d4 cxd4 4. Nxd4 Nf6 5. Nc3 d6 6. Be2 e5 7. Nb3 Be7 8.
O-O O-O 9. Be3 a5 10. a4 Nb4 11. f3 Be6 12. Nd2 d5 13. exd5 Nfxd5 14. Nxd5 Nxd5
15. Bf2 Qc7 16. c3 Rad8 17. Bb5 Bg5 18. Qe1 Nxc3 19. Ne4 Nxe4 20. Qxe4 f5 21.
Qe1 Bd7 22. Bxd7 Rxd7 23. Rd1 Rfd8 24. Rxd7 Rxd7 25. Be3 Bxe3+ 26. Qxe3 Qd6 27.
Qb3+ Qd5 28. Qxd5+ Rxd5 29. Rc1 h6 30. Rc8+ Kh7 31. Rb8 Rd1+ 32. Kf2 Rd2+ 33.
Kg3 Rxb2 34. Ra8 b6 35. Rb8 g5 36. Rb7+ Kg6 37. Re7 Kf6 38. Rh7 e4 39. fxe4
fxe4 40. Rxh6+ Kf5 41. Rh8 Rb4 42. Rf8+ Ke5 43. Rb8 Kd4 44. Kg4 e3 45. Kxg5 e2
46. Re8 Kd3 47. Kf5 Rb1 48. g4 e1=Q 49. Rxe1 Rxe1 50. g5 Rh1 0-1

[Event "III Memorial Corrado Bitti A"]
[Site "Cagliari ITA"]
[Date "2003.03.08"]
[Round "1"]
[White "Saba, Carlo"]
[Black "Basciu, Simone"]
[Result "0-1"]
[WhiteElo "1734"]
[BlackElo "2158"]
[PlyCount "88"]
[EventDate "2003.03.08"]

1. Nf3 d5 2. c4 e6 3. g3 Nf6 4. Bg2 c5 5. O-O d4 6. d3 Nc6 7. e3 dxe3 8. fxe3
Be7 9. d4 O-O 10. Nc3 cxd4 11. exd4 Qb6 12. Na4 Qb4 13. Qc2 Qa5 14. Bd2 Qh5 15.
Rad1 Bd7 16. a3 Rac8 17. c5 Nd5 18. Nc3 Nxd4 19. Nxd4 Bxc5 20. Qd3 Nxc3 21.
Bxc3 e5 22. Bxb7 Rb8 23. Bf3 Qg5 24. Kh1 exd4 25. Bxd4 Bb5 26. Qc3 Bxd4 27.
Qxd4 Bxf1 28. Rxf1 Qb5 29. Rf2 a5 30. Kg2 Rfd8 31. Qf4 Rb6 32. Qc7 Rbd6 33.
Qxf7+ Kxf7 34. Bc6+ Rf6 35. Bxb5 Rxf2+ 36. Kxf2 Rd2+ 37. Ke3 Rxb2 38. Bc4+ Kf6
39. h3 Rh2 40. h4 Rg2 41. Kf3 Rc2 42. Bd3 Rc3 43. Ke2 Rxa3 44. g4 Rxd3 0-1

[Event "III Memorial Corrado Bitti A"]
[Site "Cagliari ITA"]
[Date "2003.03.08"]
[Round "1"]
[White "Stefanini, Simone"]
[Black "Contu, Gianni"]
[Result "0-1"]
[WhiteElo "1699"]
[BlackElo "1789"]
[PlyCount "88"]
[EventDate "2003.03.08"]

1. Nf3 d5 2. d4 e6 3. e3 c5 4. b3 Nf6 5. Bd3 Nc6 6. Bb2 cxd4 7. exd4 Bd6 8. O-O
Qc7 9. Nbd2 Bd7 10. a3 O-O 11. Qe2 Bf4 12. Ne5 Be8 13. Ndf3 Rc8 14. g3 Bh6 15.
g4 Bf4 16. h4 Nxe5 17. Nxe5 Ne4 18. a4 f6 19. Nf3 Bf7 20. Bxe4 dxe4 21. Ne1 f5
22. gxf5 exf5 23. c4 Qe7 24. Ng2 Bb8 25. d5 Qd6 26. f4 exf3 27. Qxf3 Qh2+ 28.
Kf2 Bh5 29. Qxh5 Bg3+ 30. Kf3 Bd6 31. Qg5 Qh3+ 32. Kf2 Bc5+ 33. Ke2 Rfe8+ 34.
Kd2 Bb4+ 35. Kc1 Rc7 36. Be5 Qxb3 37. Ne3 Rxc4+ 38. Nxc4 Qxc4+ 39. Kb2 Rxe5 40.
Qd8+ Bf8 41. Rae1 Rxd5 42. Rf4 Qc5 43. Qe8 Rd2+ 44. Kb3 Qc2# 0-1

[Event "III Memorial Corrado Bitti A"]
[Site "Cagliari ITA"]
[Date "2003.03.09"]
[Round "2"]
[White "Basciu, Simone"]
[Black "Atzeni, Franco"]
[Result "1-0"]
[WhiteElo "2158"]
[BlackElo "1909"]
[PlyCount "61"]
[EventDate "2003.03.08"]

1. d4 d5 2. Nf3 Nf6 3. c4 e6 4. Bg5 Be7 5. Nc3 c6 6. e3 O-O 7. Bd3 dxc4 8. Bxc4
Nd5 9. Bxe7 Qxe7 10. O-O Nd7 11. e4 Nf4 12. e5 Nb6 13. Bb3 Nbd5 14. Ne4 b6 15.
g3 f5 16. exf6 Nxf6 17. Nxf6+ Qxf6 18. gxf4 Qxf4 19. Ne5 Rf5 20. Kh1 c5 21. Qg4
Qxg4 22. Nxg4 Rf4 23. Ne5 cxd4 24. Rac1 Bb7+ 25. f3 Re8 26. Rc7 Ba6 27. Re1 h5
28. Rg1 Rf6 29. Rgxg7+ Kh8 30. Rh7+ Kg8 31. Rcg7+ 1-0

[Event "III Memorial Corrado Bitti A"]
[Site "Cagliari ITA"]
[Date "2003.03.09"]
[Round "2"]
[White "Casti, Alessio"]
[Black "Mulas, Gianmarco"]
[Result "1-0"]
[WhiteElo "1924"]
[BlackElo "2106"]
[PlyCount "99"]
[EventDate "2003.03.08"]

1. e4 c5 2. Nf3 d6 3. d4 cxd4 4. Nxd4 Nf6 5. Nc3 a6 6. Bc4 e6 7. O-O b5 8. Bb3
Be7 9. Qf3 Qc7 10. Qg3 Nc6 11. Nxc6 Qxc6 12. Re1 Bb7 13. a3 O-O 14. Bh6 Ne8 15.
Rad1 Kh8 16. Bg5 Bxg5 17. Qxg5 Nf6 18. Re3 Qc5 19. Qf4 Rad8 20. Red3 d5 21. Qd2
Rc8 22. exd5 exd5 23. Nxd5 Bxd5 24. Bxd5 Nxd5 25. Rxd5 Qxc2 26. Qxc2 Rxc2 27.
R5d2 Rxd2 28. Rxd2 Re8 29. g3 g6 30. Rd6 Re2 31. b4 Rb2 32. Rxa6 Ra2 33. Ra5
Kg7 34. Rxb5 Rxa3 35. Rb7 Rb3 36. b5 g5 37. b6 g4 38. Rb8 Rb2 39. b7 Rb1+ 40.
Kg2 Rb3 41. Kf1 Kf6 42. Ke2 Ke7 43. Kd2 Kd6 44. Rd8+ Kc7 45. b8=Q+ Rxb8 46.
Rxb8 Kxb8 47. Ke3 Kc7 48. Kf4 h5 49. Kg5 Kd6 50. Kf6 1-0

[Event "III Memorial Corrado Bitti A"]
[Site "Cagliari ITA"]
[Date "2003.03.09"]
[Round "2"]
[White "Clementini, Lorenzo"]
[Black "Saba, Carlo"]
[Result "0-1"]
[WhiteElo "1709"]
[BlackElo "1734"]
[PlyCount "64"]
[EventDate "2003.03.08"]

1. d4 Nf6 2. c4 g6 3. Nc3 Bg7 4. e4 d6 5. f4 O-O 6. Be2 c5 7. d5 e6 8. dxe6
fxe6 9. g4 Nc6 10. h4 Nd4 11. h5 d5 12. e5 Ne4 13. Qd3 Nxc3 14. bxc3 dxc4 15.
Qh3 Nc2+ 16. Kf1 g5 17. Nf3 Nxa1 18. f5 exf5 19. Bxc4+ Kh8 20. h6 Bxe5 21. gxf5
Bxf5 22. Qh5 Bg6 23. Qg4 Qf6 24. Kg2 Bf4 25. Ba3 Nc2 26. Bxc5 Ne3+ 27. Bxe3
Bxe3 28. Re1 Qxc3 29. Qd7 Qb2+ 30. Kh1 Rad8 31. Qe7 Rde8 32. Qc7 g4 0-1

[Event "III Memorial Corrado Bitti A"]
[Site "Cagliari ITA"]
[Date "2003.03.09"]
[Round "2"]
[White "Contu, Gianni"]
[Black "Putzolu, Marcello"]
[Result "0-1"]
[WhiteElo "1789"]
[BlackElo "1717"]
[PlyCount "86"]
[EventDate "2003.03.08"]

1. e4 c5 2. Nf3 d6 3. Bc4 e6 4. Nc3 Nf6 5. d4 cxd4 6. Nxd4 Be7 7. Be3 a6 8. a4
Qc7 9. Bb3 Nc6 10. O-O O-O 11. f4 b6 12. f5 Nxd4 13. Bxd4 e5 14. Be3 Bb7 15.
Qf3 Rab8 16. g4 Nd7 17. g5 Nc5 18. Bd5 Kh8 19. f6 gxf6 20. gxf6 Rg8+ 21. Kh1
Bf8 22. Rg1 Rg6 23. Rxg6 fxg6 24. Rf1 Bxd5 25. Nxd5 Qf7 26. b3 b5 27. a5 Nb7
28. b4 Rc8 29. c3 Nd8 30. Rc1 Rc7 31. Qf2 Rc4 32. Qf3 Rc6 33. Kg2 Ne6 34. Qg4
Rc4 35. Kf3 Nc7 36. Nb6 Qxf6+ 37. Ke2 Rc6 38. Rf1 Qd8 39. Nd7 Bg7 40. Bd2 d5
41. Rf7 Qe8 42. Qh4 Qxf7 43. Qd8+ Qe8 0-1

[Event "III Memorial Corrado Bitti A"]
[Site "Cagliari ITA"]
[Date "2003.03.09"]
[Round "2"]
[White "Santilli, Enrico"]
[Black "Stefanini, Simone"]
[Result "0-1"]
[WhiteElo "1723"]
[BlackElo "1699"]
[PlyCount "150"]
[EventDate "2003.03.08"]

1. e4 c5 2. Nc3 Nc6 3. f4 e6 4. Nf3 g6 5. d3 Bg7 6. Be3 b6 7. Qd2 Nge7 8. Be2
O-O 9. O-O d5 10. Nd1 dxe4 11. dxe4 Qxd2 12. Bxd2 Bb7 13. c3 Rad8 14. Nf2 Rd7
15. Rad1 Rfd8 16. Bc1 Na5 17. Rxd7 Rxd7 18. Rd1 Rxd1+ 19. Bxd1 Nac6 20. e5 Ba6
21. Ne4 Nd5 22. Nd6 Bh6 23. g3 Nd8 24. Bd2 Bf8 25. Ne4 Nb7 26. b3 Bd3 27. Nf2
Bb1 28. a3 Ba2 29. c4 Nc7 30. Ne4 Bb1 31. Nc3 Bf5 32. Ne1 h5 33. Ng2 Nd8 34.
Ne3 Bd3 35. g4 hxg4 36. Nxg4 Nc6 37. Ne4 Ne8 38. Ngf6+ Nxf6 39. Nxf6+ Kh8 40.
Ne8 Bh6 41. Nd6 Kg8 42. Kf2 Nxe5 43. fxe5 Bxd2 44. Nc8 Bf4 45. Nxa7 Bxe5 46.
Ke3 Bf1 47. h4 Bg2 48. Bf3 Bh3 49. Ke4 Bg3 50. Nc8 f5+ 51. Ke3 Bxh4 52. Nxb6 g5
53. a4 g4 54. Bc6 g3 55. a5 g2 56. Bxg2 Bxg2 57. a6 Bd8 58. Nd7 Kf7 59. Kf4
Bc7+ 60. Kg5 f4 61. Nxc5 f3 62. Nd3 Bg3 63. b4 f2 64. Nxf2 Bxf2 65. c5 Ba8 66.
Kf4 Ke7 67. Ke5 Kd7 68. a7 Bg3+ 69. Kd4 e5+ 70. Kc4 e4 71. b5 e3 72. c6+ Kc7
73. Kd3 Bf2 74. Ke2 Kb6 75. Kd3 Kxa7 0-1

[Event "III Memorial Corrado Bitti A"]
[Site "Cagliari ITA"]
[Date "2003.03.09"]
[Round "3"]
[White "Atzeni, Franco"]
[Black "Putzolu, Marcello"]
[Result "0-1"]
[WhiteElo "1909"]
[BlackElo "1717"]
[PlyCount "132"]
[EventDate "2003.03.08"]

1. e4 c5 2. Nc3 d6 3. Bc4 e6 4. d3 Nc6 5. Nge2 Ne5 6. O-O Nxc4 7. dxc4 Nf6 8.
Ng3 Be7 9. Bf4 a6 10. Qd3 O-O 11. Rad1 Qb6 12. b3 Rd8 13. Rd2 Qb4 14. Rfd1 Bd7
15. f3 b5 16. cxb5 axb5 17. Qe3 Ne8 18. Nge2 Bc6 19. Qf2 Bb7 20. a4 bxa4 21.
Nxa4 Ba6 22. Nc1 Bf6 23. c3 Qb7 24. Bxd6 Nxd6 25. Rxd6 Rxd6 26. Rxd6 Qc7 27.
Qxc5 Qxc5+ 28. Nxc5 Bb5 29. Rb6 Be8 30. Ne2 Bd8 31. Rd6 Be7 32. e5 Bxd6 33.
exd6 Rd8 34. d7 Bxd7 35. Nxd7 Rxd7 36. Kf2 Kf8 37. Ke3 Ke7 38. f4 Kd8 39. Nd4
Kc7 40. b4 Kb6 41. c4 Ra7 42. c5+ Kb7 43. Kd3 Ra2 44. Nc2 Kc6 45. Kc3 Kd5 46.
Kb3 Ra8 47. g3 f6 48. Ne3+ Kc6 49. Kc4 Rb8 50. Nc2 e5 51. fxe5 fxe5 52. Na3 e4
53. b5+ Kc7 54. b6+ Kc6 55. Nc2 Re8 56. Nd4+ Kb7 57. Ne2 e3 58. Kd5 g6 59. Kd4
Kc6 60. Kd3 Kxc5 61. b7 Kd5 62. Nc3+ Ke5 63. Kxe3 Rb8 64. Ne2 Rxb7 65. Kf3 Rb3+
66. Kg4 Rb2 0-1

[Event "III Memorial Corrado Bitti A"]
[Site "Cagliari ITA"]
[Date "2003.03.09"]
[Round "3"]
[White "Casti, Alessio"]
[Black "Basciu, Simone"]
[Result "1-0"]
[WhiteElo "1924"]
[BlackElo "2158"]
[PlyCount "53"]
[EventDate "2003.03.08"]

1. e4 e6 2. d4 d5 3. e5 c5 4. c3 Nc6 5. Nf3 Qb6 6. a3 c4 7. Nbd2 Na5 8. g3 f6
9. exf6 Nxf6 10. h4 Bd6 11. Bh3 O-O 12. O-O Nc6 13. Re1 e5 14. Bxc8 Raxc8 15.
dxe5 Ng4 16. exd6 Qxf2+ 17. Kh1 Qxg3 18. Re2 Nce5 19. Qg1 Qh3+ 20. Nh2 Qxh4 21.
Qd4 Nf2+ 22. Rxf2 Qxf2 23. Qxe5 Rce8 24. Qxd5+ Kh8 25. Ndf1 Re1 26. Qg2 Qf5 27.
Bh6 1-0

[Event "III Memorial Corrado Bitti A"]
[Site "Cagliari ITA"]
[Date "2003.03.09"]
[Round "3"]
[White "Santilli, Enrico"]
[Black "Clementini, Lorenzo"]
[Result "0-1"]
[WhiteElo "1723"]
[BlackElo "1709"]
[PlyCount "128"]
[EventDate "2003.03.08"]

1. e4 e5 2. d4 exd4 3. Qxd4 Nc6 4. Qe3 Be7 5. Bd2 Nf6 6. Nc3 d6 7. O-O-O Be6 8.
f4 Ng4 9. Qg3 Bh4 10. Qf3 Nf2 11. g3 Nxd1 12. Qxd1 Bf6 13. f5 Bd7 14. Nf3 Ne5
15. h3 Bc6 16. g4 Nxf3 17. Qxf3 Bg5 18. Bc4 Bxd2+ 19. Kxd2 Qe7 20. Re1 O-O-O
21. Qe3 g5 22. Qxa7 Qe5 23. Bxf7 Qf4+ 24. Qe3 Qxe3+ 25. Rxe3 Rhf8 26. Bc4 Rde8
27. Bb5 Re5 28. Bxc6 bxc6 29. Ne2 Rfe8 30. Ng3 d5 31. Rc3 Kd7 32. Rc5 dxe4 33.
Rxe5 Rxe5 34. Ke3 h6 35. Nxe4 c5 36. c4 Re8 37. Kd3 Kc6 38. Nc3 Re1 39. Ne4 Rh1
40. Nf2 Rb1 41. Kc2 Rf1 42. Nd3 Rh1 43. f6 Rf1 44. Ne5+ Kd6 45. Nf7+ Ke6 46.
Nxh6 Kxf6 47. Nf5 Rh1 48. Ne3 Ke5 49. a4 Rxh3 50. Nd5 c6 51. Ne7 Kd6 52. Nf5+
Kc7 53. b3 Kb6 54. Ne7 Rg3 55. a5+ Kxa5 56. Nxc6+ Kb6 57. Ne5 Kc7 58. Nd3 Kd6
59. b4 cxb4 60. Nxb4 Kc5 61. Nd5 Kxc4 62. Nf6 Rg2+ 63. Kc1 Kd4 64. Nh5 Rxg4 0-1

[Event "III Memorial Corrado Bitti A"]
[Site "Cagliari ITA"]
[Date "2003.03.22"]
[Round "4"]
[White "Atzeni, Franco"]
[Black "Santilli, Enrico"]
[Result "1-0"]
[WhiteElo "1909"]
[BlackElo "1723"]
[PlyCount "41"]
[EventDate "2003.03.08"]

1. e4 d6 2. Nc3 Nf6 3. Bc4 c6 4. d4 b5 5. Bd3 Qb6 6. Nge2 e6 7. O-O Be7 8. d5
a6 9. Be3 Qc7 10. Nf4 O-O 11. Nh5 c5 12. e5 dxe5 13. d6 Bxd6 14. Nxf6+ gxf6 15.
Qg4+ Kh8 16. Qh4 e4 17. Nxe4 Bxh2+ 18. Kh1 Rg8 19. Nxf6 Rg7 20. Bxh7 Bg3 21.
Qh6 1-0

[Event "III Memorial Corrado Bitti A"]
[Site "Cagliari ITA"]
[Date "2003.03.22"]
[Round "4"]
[White "Contu, Gianni"]
[Black "Clementini, Lorenzo"]
[Result "0-1"]
[WhiteElo "1789"]
[BlackElo "1709"]
[PlyCount "56"]
[EventDate "2003.03.08"]

1. e4 e5 2. Nf3 Nc6 3. Bb5 Bc5 4. c3 Nf6 5. d4 exd4 6. e5 Ng4 7. cxd4 Nxd4 8.
Nxd4 Nxf2 9. Kxf2 Qh4+ 10. Kf1 Bxd4 11. Qe1 Qe7 12. Nd2 Bxe5 13. Nf3 f6 14. Qe2
c6 15. Bd3 O-O 16. Rb1 d5 17. Bd2 Bg4 18. Qf2 c5 19. Bxh7+ Kxh7 20. Qh4+ Kg8
21. Qxg4 f5 22. Qg5 Qd6 23. Kf2 Bf6 24. Qf4 Qb6 25. g3 Rae8 26. Rhe1 Re4 27.
Rxe4 fxe4 28. Nh4 Bd4+ 0-1

[Event "III Memorial Corrado Bitti A"]
[Site "Cagliari ITA"]
[Date "2003.03.22"]
[Round "4"]
[White "Putzolu, Marcello"]
[Black "Basciu, Simone"]
[Result "0-1"]
[WhiteElo "1717"]
[BlackElo "2158"]
[PlyCount "108"]
[EventDate "2003.03.08"]

1. d4 d5 2. c4 e6 3. a3 Nf6 4. Nc3 Be7 5. Nf3 O-O 6. Bg5 h6 7. Bxf6 Bxf6 8. e3
b6 9. Be2 Bb7 10. O-O Nd7 11. Rc1 dxc4 12. Bxc4 c5 13. d5 Ne5 14. Nxe5 Bxe5 15.
dxe6 Bxh2+ 16. Kxh2 Qh4+ 17. Kg1 Qxc4 18. e7 Rfe8 19. Qd7 Ba6 20. Nd5 Qe4 21.
Rfd1 Rab8 22. Qxa7 Bb7 23. f3 Qe5 24. e4 Bxd5 25. Rxd5 Rxe7 26. Rxe5 Rxa7 27.
Rd1 Rbb7 28. Red5 Ra5 29. Rd7 Rxd7 30. Rxd7 Rb5 31. Rd2 Kf8 32. Kf2 Ke7 33. Ke2
Ke6 34. Kd1 Rb3 35. Kc2 Re3 36. Rd3 Re2+ 37. Rd2 Re3 38. Rd3 Re2+ 39. Rd2 Re1
40. Rd1 Rxd1 41. Kxd1 Ke5 42. Ke2 Kd4 43. Kd2 h5 44. Ke2 Kc4 45. Kd2 Kb3 46.
Kc1 g5 47. Kb1 c4 48. Kc1 c3 49. bxc3 Kxc3 50. Kb1 Kb3 51. a4 Kxa4 52. Ka2 Kb4
53. Kb2 b5 54. e5 Kc4 0-1

[Event "III Memorial Corrado Bitti A"]
[Site "Cagliari ITA"]
[Date "2003.03.22"]
[Round "4"]
[White "Saba, Carlo"]
[Black "Casti, Alessio"]
[Result "1/2-1/2"]
[WhiteElo "1734"]
[BlackElo "1924"]
[PlyCount "109"]
[EventDate "2003.03.08"]

1. Nf3 d5 2. c4 e6 3. g3 Nf6 4. Bg2 Be7 5. O-O O-O 6. cxd5 exd5 7. d4 c6 8. Qb3
Nbd7 9. Nc3 b6 10. Bg5 Ne4 11. Bxe7 Qxe7 12. Rfe1 Bb7 13. Rac1 f5 14. e3 Kh8
15. a4 c5 16. Qa3 Qf6 17. b4 c4 18. b5 Qe6 19. Qb4 Ndf6 20. a5 Nxc3 21. Rxc3
bxa5 22. Qxa5 Ne4 23. Rc2 Qb6 24. Ra1 Rf6 25. Ne5 Qxa5 26. Rxa5 a6 27. Bxe4
fxe4 28. Nd7 Rf7 29. Nc5 Bc8 30. bxa6 Rfa7 31. Rca2 Kg8 32. Kf1 Rb8 33. Ke2 c3
34. Kd1 Rf7 35. a7 Ra8 36. R5a3 Bg4+ 37. Kc2 Rxf2+ 38. Kxc3 Rf7 39. Rb2 Rfxa7
40. Rxa7 Rxa7 41. Rb8+ Kf7 42. Rb7+ Rxb7 43. Nxb7 Kf6 44. Kd2 Kg5 45. Ke1 Bd7
46. Nc5 Bc8 47. Kf2 h5 48. h4+ Kf6 49. Ke2 Bg4+ 50. Kf2 Ke7 51. Ke1 Kd6 52. Kd2
Bc8 53. Kc3 Bh3 54. Nb3 Ke6 55. Kd2 1/2-1/2

[Event "III Memorial Corrado Bitti A"]
[Site "Cagliari ITA"]
[Date "2003.03.22"]
[Round "4"]
[White "Stefanini, Simone"]
[Black "Mulas, Gianmarco"]
[Result "0-1"]
[WhiteElo "1699"]
[BlackElo "2106"]
[PlyCount "106"]
[EventDate "2003.03.08"]

1. Nf3 c5 2. g3 Nc6 3. Bg2 d5 4. d3 Nf6 5. O-O e6 6. c3 Be7 7. Qc2 b6 8. Re1
Bb7 9. Nbd2 Rc8 10. e4 Qc7 11. exd5 Nxd5 12. Nc4 Bf6 13. Bg5 O-O 14. Ncd2 h6
15. Bxf6 Nxf6 16. Ne4 Nd5 17. Ned2 Rfd8 18. Nc4 Nde7 19. Rad1 Ng6 20. Qe2 Rd7
21. Nfe5 Ncxe5 22. Nxe5 Nxe5 23. Bxb7 Qxb7 24. Qxe5 Qa6 25. Qe2 Rcd8 26. c4 Rd4
27. f4 Qb7 28. Qf1 Qd7 29. Re3 Rxc4 30. dxc4 Qxd1 31. Qxd1 Rxd1+ 32. Kf2 Rh1
33. Kf3 Rxh2 34. Re2 Rxe2 35. Kxe2 g5 36. Ke3 Kg7 37. Ke4 f5+ 38. Ke5 gxf4 39.
gxf4 Kf7 40. Kd6 h5 41. Kc7 h4 42. Kb7 h3 43. a4 h2 44. Kxa7 h1=Q 45. Kxb6 Qa1
46. a5 Qxb2+ 47. Kxc5 Qb7 48. Kd6 Qa6+ 49. Kc5 Qxa5+ 50. Kd6 Qd8+ 51. Ke5 Qc7+
52. Kd4 Qb6+ 53. Kc3 Kf6 0-1

[Event "III Memorial Corrado Bitti A"]
[Site "Cagliari ITA"]
[Date "2003.03.22"]
[Round "5"]
[White "Basciu, Simone"]
[Black "Mulas, Gianmarco"]
[Result "1-0"]
[WhiteElo "2158"]
[BlackElo "2106"]
[PlyCount "85"]
[EventDate "2003.03.08"]

1. d4 d5 2. Nf3 Nf6 3. c4 e6 4. Nc3 Be7 5. Bg5 h6 6. Bh4 O-O 7. e3 b6 8. Rc1 c5
9. Bxf6 Bxf6 10. cxd5 exd5 11. dxc5 bxc5 12. Nxd5 Be6 13. Nxf6+ Qxf6 14. b3 Rd8
15. Qc2 Nc6 16. Qc3 Qg6 17. Be2 Nb4 18. Qb2 Nd3+ 19. Bxd3 Qxd3 20. Qe2 Qg6 21.
O-O Rd5 22. Rfd1 Rh5 23. Qa6 Qe4 24. Qd6 Rc8 25. Qe7 Qg4 26. Qd6 Qe4 27. Qe7
Qg4 28. Rd8+ Rxd8 29. Qxd8+ Kh7 30. Qd3+ g6 31. e4 Qf4 32. Qe3 Qb8 33. Rxc5
Rxc5 34. Qxc5 Bg4 35. Qe3 Qd6 36. h3 Bd7 37. Qd4 Qc7 38. g4 Qc1+ 39. Kg2 Be6
40. Qe3 Qc8 41. Qxa7 h5 42. Ng5+ Kh6 43. Nxe6 1-0

[Event "III Memorial Corrado Bitti A"]
[Site "Cagliari ITA"]
[Date "2003.03.22"]
[Round "5"]
[White "Casti, Alessio"]
[Black "Atzeni, Franco"]
[Result "1/2-1/2"]
[WhiteElo "1924"]
[BlackElo "1909"]
[PlyCount "34"]
[EventDate "2003.03.08"]

1. d4 d5 2. Nf3 Nf6 3. e3 e6 4. Bd3 Be7 5. O-O Nbd7 6. Nbd2 O-O 7. b3 b6 8. Bb2
Bb7 9. c4 Ne4 10. Rc1 c5 11. cxd5 exd5 12. Qe2 Rc8 13. Ba6 Bxa6 14. Qxa6 Nxd2
15. Nxd2 Bf6 16. Nf3 Rc7 17. Ba3 Qc8 1/2-1/2

[Event "III Memorial Corrado Bitti A"]
[Site "Cagliari ITA"]
[Date "2003.03.22"]
[Round "5"]
[White "Clementini, Lorenzo"]
[Black "Stefanini, Simone"]
[Result "1-0"]
[WhiteElo "1709"]
[BlackElo "1699"]
[PlyCount "67"]
[EventDate "2003.03.08"]

1. d4 g6 2. c4 Bg7 3. Nc3 Nf6 4. e4 d6 5. f4 c6 6. Nf3 Bg4 7. Be2 Nbd7 8. e5
dxe5 9. fxe5 Ng8 10. O-O Bxf3 11. Bxf3 Qc7 12. Bf4 O-O-O 13. Qa4 Qb6 14. c5
Nxc5 15. dxc5 Qxc5+ 16. Kh1 Rd4 17. Bg4+ e6 18. Qa3 Qxa3 19. bxa3 g5 20. Bg3
Rxg4 21. Rxf7 Bh6 22. Re1 Rc4 23. Ne4 Kb8 24. Nd6 Rc3 25. Rxb7+ Ka8 26. Reb1
Nf6 27. exf6 Rf8 28. Ne4 Rc1+ 29. Rxc1 Kxb7 30. Rb1+ Ka8 31. Bd6 Rc8 32. f7 g4
33. Nc5 a5 34. Nxe6 1-0

[Event "III Memorial Corrado Bitti A"]
[Site "Cagliari ITA"]
[Date "2003.03.22"]
[Round "5"]
[White "Putzolu, Marcello"]
[Black "Saba, Carlo"]
[Result "1/2-1/2"]
[WhiteElo "1717"]
[BlackElo "1734"]
[PlyCount "82"]
[EventDate "2003.03.08"]

1. d4 Nf6 2. c4 g6 3. g3 Bg7 4. Bg2 O-O 5. Nf3 c6 6. O-O d5 7. cxd5 cxd5 8. Bg5
Ne4 9. Nc3 Nxg5 10. Nxg5 e5 11. Nxd5 exd4 12. e4 dxe3 13. fxe3 Nc6 14. Ne4 Bxb2
15. Nef6+ Kg7 16. Rb1 Be5 17. Qa4 Rb8 18. Ng4 Bf5 19. Rbd1 Bxg4 20. Qxg4 Qa5
21. a4 f5 22. Qg5 Rf7 23. Nf4 Bxf4 24. Rxf4 Qc5 25. Rh4 Re8 26. Qh6+ Kh8 27.
Qxg6 Qxe3+ 28. Kh1 Ref8 29. Qh6 Qxh6 30. Rxh6 Kg7 31. Rhd6 Ne5 32. Re6 Ng4 33.
Rd2 Rc7 34. Bf3 Rf6 35. Re1 Ra6 36. Bxg4 fxg4 37. Rd4 Rg6 38. Red1 h5 39. Rd7+
Rxd7 40. Rxd7+ Kh6 41. Rxb7 Ra6 1/2-1/2

[Event "III Memorial Corrado Bitti A"]
[Site "Cagliari ITA"]
[Date "2003.03.22"]
[Round "5"]
[White "Santilli, Enrico"]
[Black "Contu, Gianni"]
[Result "0-1"]
[WhiteElo "1723"]
[BlackElo "1789"]
[PlyCount "98"]
[EventDate "2003.03.08"]

1. e4 c5 2. Nc3 Nc6 3. g3 d6 4. Bb5 a6 5. Bxc6+ bxc6 6. d3 g6 7. Be3 Bg7 8. Qd2
Rb8 9. b3 Qa5 10. Nge2 Bg4 11. O-O Bxe2 12. Nxe2 Qxd2 13. Bxd2 Bxa1 14. Rxa1
Nf6 15. c4 e5 16. f4 Nd7 17. Bc3 f6 18. Rf1 Ke7 19. f5 g5 20. Bd2 Nb6 21. Be3
Kf7 22. Bd2 d5 23. Be3 dxe4 24. dxe4 Rhd8 25. Bxc5 Rd2 26. Nc3 Nd7 27. Bf2 Rc2
28. Rd1 Ke7 29. Be1 Rd8 30. b4 Nb6 31. Rxd8 Kxd8 32. b5 axb5 33. cxb5 cxb5 34.
a3 Kd7 35. Nxb5 Na4 36. Bb4 Nc5 37. Nc3 Rxc3 38. Bxc3 Nxe4 39. Bb4 g4 40. a4
Nd6 41. a5 Nxf5 42. a6 Kc6 43. Bc5 Ng7 44. Be7 Ne8 45. Bd8 f5 46. Kf2 f4 47.
gxf4 exf4 48. Bg5 f3 49. Kg3 Nd6 0-1

[Event "III Memorial Corrado Bitti A"]
[Site "Cagliari ITA"]
[Date "2003.03.23"]
[Round "6"]
[White "Basciu, Simone"]
[Black "Clementini, Lorenzo"]
[Result "0-1"]
[WhiteElo "2158"]
[BlackElo "1709"]
[PlyCount "114"]
[EventDate "2003.03.08"]

1. d4 Nf6 2. Nf3 c5 3. d5 e6 4. Nc3 a6 5. a4 b5 6. axb5 Bb7 7. e4 axb5 8. Rxa8
Bxa8 9. Bxb5 exd5 10. exd5 Nxd5 11. Nxd5 Bxd5 12. Qxd5 Qa5+ 13. c3 Qxb5 14. Ne5
Be7 15. Qxf7+ Kd8 16. Qa2 Re8 17. c4 Qa6 18. Qxa6 Nxa6 19. Be3 Bf6 20. Nd3 Re4
21. b3 Bc3+ 22. Ke2 d6 23. Kf3 Re8 24. Rd1 Rf8+ 25. Kg3 Kc7 26. Rc1 Bf6 27. Kg4
Rb8 28. Rb1 Nb4 29. Nf4 Kc6 30. Nh5 Bc3 31. Bf4 g6 32. Ng3 Nd3 33. Be3 Ne5+ 34.
Kf4 Nxc4 35. Kg5 Nxe3 36. fxe3 Bg7 37. Ne2 Re8 38. Kf4 Bh6+ 39. Kf3 Rxe3+ 40.
Kf2 Re4 41. Ra1 Rb4 42. Ra7 Rxb3 43. Rxh7 Be3+ 44. Kf3 c4 45. h4 Bc5+ 46. Kf4
Re3 47. Nc1 Re1 48. Na2 Re2 49. Nc3 Rxg2 50. Ne4 Bd4 51. Kf3 Rg1 52. Ke2 d5 53.
Nd2 Rg2+ 54. Kd1 c3 55. Nb3 c2+ 56. Ke1 Bb2 57. h5 Rg3 0-1

[Event "III Memorial Corrado Bitti A"]
[Site "Cagliari ITA"]
[Date "2003.03.23"]
[Round "6"]
[White "Contu, Gianni"]
[Black "Casti, Alessio"]
[Result "0-1"]
[WhiteElo "1789"]
[BlackElo "1924"]
[PlyCount "74"]
[EventDate "2003.03.08"]

1. d4 Nf6 2. Nf3 d5 3. c3 e6 4. Bg5 c5 5. e3 Nc6 6. Bd3 h6 7. Bh4 Be7 8. Nbd2
Qb6 9. Qb3 Qxb3 10. axb3 cxd4 11. exd4 g5 12. Bg3 Nh5 13. h4 Nxg3 14. fxg3 g4
15. Ne5 Nxe5 16. dxe5 Bd7 17. Rf1 Bd8 18. c4 Bc7 19. cxd5 exd5 20. Bf5 Bb5 21.
Rf4 h5 22. Rb4 Bc6 23. Kf2 O-O 24. Bxg4 hxg4 25. Rxg4+ Kh8 26. Rg5 f6 27. Rh5+
Kg7 28. exf6+ Rxf6+ 29. Nf3 Bb6+ 30. Ke1 Re8+ 31. Kd2 Be3+ 32. Kc2 d4 33. Raa5
Be4+ 34. Kd1 d3 35. Rhe5 Rc8 36. Ra1 Rxf3 37. gxf3 Bxf3+ 0-1